Zásnuby a svadba u ortodoxných židov na Slovensku

Bibliographic Details
Main Author: Lašová, Monika (Author)
Format: Article
Language:Slovak
ISSN:1338-0141
Subjects:

MARC

LEADER 00000nab a2200000 ar4500
001 vtls010085314
003 SK-MaSNL
005 20260426103259.0
008 250708c2009 xo mr|p|||||||000 b|slo
015 |a SNBRB2010/04  |2 snkbucl 
035 |a (uuid)060a2c25-2919-48a1-a57e-17d358ce4465 
035 |a urn:nbn:sk:snk-ab15yj 
035 |a (urnnbn)urn:nbn:sk:snk:ar-a06not 
038 |a SNKBUCL 
040 |a SNKBUCL  |b slo  |c SNKBUCL  |e AACR2 
041 0 |a slo 
044 |a xo  |c SK 
080 |a 392.51(=411.16)  |2 2001 
080 |a 94(=411.16)  |x (437.6)  |2 2001 
100 1 |a Lašová, Monika  |4 aut  |9 1080833 
245 1 0 |a Zásnuby a svadba u ortodoxných židov na Slovensku  |c Monika Lašová 
650 0 7 |a Židia  |2 snkbucl  |9 3760 
650 0 7 |a ortodoxní židia  |2 snkbucl  |9 1596239 
650 0 7 |a zásnuby a svadba  |2 snkbucl  |9 1596240 
650 0 7 |a židovské zásnuby  |2 snkbucl  |9 1596241 
650 0 7 |a židovská svadba  |2 snkbucl  |9 744078 
650 0 7 |a židovské zvyky  |2 snkbucl  |9 473966 
651 7 |a Slovensko  |2 snkbucl  |9 14231 
655 7 |a bakalárske práce  |2 snkbucl  |9 73120 
773 0 |t Studia Biblica Slovaca  |g Roč. 1, č. 1 (2009), s. 102-104  |x 1338-0141 
850 |a Slovenská národná knižnica 
852 |a Slovenská národná knižnica 
954 |a odborná, vedecká literatúra pôvodná (slovenská)  |2 lita 
958 |a article27 
958 |a SK 
958 |a NT 
958 |a OND 
958 |a EUIPO 
999 |c 3281321  |d 3283251